Islamicités (notice n° 2207652)

détails MARC
000 -LEADER
fixed length control field 01444cam a2200133 4500500
005 - DATE AND TIME OF LATEST TRANSACTION
control field 20260405090735.0
041 ## - LANGUAGE CODE
Language code of text/sound track or separate title fre
042 ## - AUTHENTICATION CODE
Authentication code dc
100 10 - MAIN ENTRY--PERSONAL NAME
Personal name Dakhlia, Jocelyne
Relator term author
245 00 - TITLE STATEMENT
Title Islamicités
260 ## - PUBLICATION, DISTRIBUTION, ETC.
Name of publisher, distributor, etc. Presses Universitaires de France,<br/>
Date of publication, distribution, etc. 2005.<br/>
520 ## - SUMMARY, ETC.
Summary, etc. Comment comprendre l’échec de toutes les tentatives de dialogue avec l’islam&amp;#8239;? Peut-être parce que ces tentatives reproduisent elles-mêmes une vision des civilisations comme des blocs cohérents, des entités dotées d’une culture spécifique et inconciliable avec une autre culture. Selon l’auteur cette représentation ne reflète pas la nature historique des civilisations et des cultures qui sont toutes métisses. Il ne s’agit pas dans ce livre de vanter les apports de l’islam à la civilisation européenne, mais de faire resurgir comme élément du débat, l’ampleur d’une circulation permanente et croisée entre les deux rives de la Méditerranée, des hommes, des pratiques et des idées. Ilfaut, selon l’auteur, réduire l’altérité de l’islam en commençant par établir de constants parallèles entre son histoire et celle de la France ou de l’Europe. Il faut aussi tenter de comprendre pourquoi le monde musulman offre l’image d’un bloc, pourquoi sa diversité interne est si peu visible et audible.
856 41 - ELECTRONIC LOCATION AND ACCESS
Uniform Resource Identifier <a href="https://shs.cairn.info/islamicites--9782130550952?lang=fr&redirect-ssocas=7080">https://shs.cairn.info/islamicites--9782130550952?lang=fr&redirect-ssocas=7080</a>

Pas d'exemplaire disponible.

PLUDOC

PLUDOC est la plateforme unique et centralisée de gestion des bibliothèques physiques et numériques de Guinée administré par le CEDUST. Elle est la plus grande base de données de ressources documentaires pour les Étudiants, Enseignants chercheurs et Chercheurs de Guinée.

Adresse

627 919 101/664 919 101

25 boulevard du commerce
Kaloum, Conakry, Guinée

Réseaux sociaux

Powered by Netsen Group @ 2025